000 00491nam a2200169Ia 4500
008 090711s9999 xx 000 0 und d
082 _b70073
100 _aबांदोडकर गो. पु.
245 _aवकील पत्र
260 _c1992
300 _a184
600 _aबांदोडकर गो. पु.
630 _aवकील पत्र
700 _aबांदोडकर गो. पु.
730 _aवकील पत्र
942 _cBOOK
999 _c287791
_d287791